| 000 | 01183 a2200241 4500 | ||
|---|---|---|---|
| 003 | Nust | ||
| 005 | 20221208193136.0 | ||
| 010 | _a 93047663 | ||
| 020 | _a9971511703 | ||
| 020 | _a9971511703 | ||
| 040 | _cNust | ||
| 082 | 0 | 0 | _a621.382,HAY |
| 100 | 1 |
_aHaykin, Simon S., _997334 |
|
| 245 | 1 | 0 |
_aCommunication systems / _cSimon Haykin. |
| 250 | _a3rd ed. | ||
| 260 |
_aNew York : _bWiley, _cc1994. |
||
| 300 |
_axvi, 872 p. : _bill. ; _c26 cm. |
||
| 505 | _aIntroduction (Page-1), Representation of Signals and Systems (Page-27), Continuous-Wave Modulation (Page-121) ,Random Processes (Page-218), Noise CW Modulation Systems (Page-113), Pulse Modulation (Page-351), Baseband Transmission (Page-412), Digital Passband Transmission (Page-473), Spread-Spectrum Modulation (Page-578), Fundamental Limits in Information Theory (Page-614), Error Control Coding (Page-670), Advanced Communication Systems (Page-730). | ||
| 650 | 0 |
_aTelecommunications engineering. _958485 |
|
| 856 | 4 |
_3Publisher description _uhttp://www.loc.gov/catdir/enhancements/fy0607/93047663-d.html |
|
| 856 | 4 |
_3Table of Contents only _uhttp://www.loc.gov/catdir/toc/onix01/93047663.html |
|
| 942 |
_2ddc _cBK |
||
| 999 |
_c188686 _d188686 |
||